| 000 | 00961nam0a22002291i 4500 | ||
|---|---|---|---|
| 001 | rc\3487514 | ||
| 005 | 20240726083949.0 | ||
| 021 |
_aRU _b[69-69876] |
||
| 035 | _a(NLR Aleph) 007605237 | ||
| 090 |
_a5757878 _c5757878 |
||
| 100 | _a20130115d1969 |||y0rusy50 ca | ||
| 101 | 0 | _arus | |
| 102 | _aRU | ||
| 105 | _ay d ||||| | ||
| 200 | 1 |
_aСтирание классовых различий между рабочим классом и колхозным крестьянством в период строительства коммунизма _e(На материалах Казахстана) _eАвтореф. дис. на соискание учен. степени канд. филос. наук _e(621) _fКаз. гос. пед. ин-т им. Абая |
|
| 210 |
_aАлма-Ата _d1969 |
||
| 215 | _a19 с. | ||
| 700 | 1 |
_aНуркасинов _bС.С. |
|
| 801 | 0 |
_aRU _bNLR _gpsbo |
|
| 801 | 1 |
_aRU _bELAR _2rusmarc |
|
| 852 |
_aNLR _j69-4/21120 |
||
| 942 | _cBOOK | ||